000
00462nam a2200145Ia 4500
008
100122s9999 xx 000 0 und d
082
_b
9178
_a
823.08
100
_a
सरदेसाई लक्ष्मणराव
245
_a
लक्ष्मण रेषा
260
_b
प्रकाशक शोधणे
_c
1950
300
_a
100
630
_a
लक्ष्मण रेषा
730
_a
लक्ष्मण रेषा
942
_c
BOOK
999
_c
401257
_d
401254